000 00448nam a22001817a 4500
003 MPLRDC
005 20220104144300.0
008 210129b ||||| |||| 00| 0 eng d
020 _a962-436-056-1
082 _a857.621 HY-6 v.5 c.3
100 _a黄易
245 _a魔女国
_c
260 _a
_b聚贤馆文化有限公司
_c1991
300 _b
490 _a黄易玄幻. 5
650 _a玄幻小说
942 _cBK
_o857.621 HY-6 v.5 c.3
999 _c48106
_d48096